=LDR 00000nam 2200000 4500 =001 INLIS000000000045051 =005 20141211105226.0 =006 =007 =008 =020 ##$$a 979-9075-88-2 =035 ##$$0010-121400000000201 =040 ##$$a iND =082 ##$$a 893.1 =090 ##$$a 893.1$bMah s =100 ##$$a Mahfouz, Najib =245 ##$$a Sengketa$cDr Najib mahfouz =250 ##$$a Cet.1 =260 ##$$a Yogyakart$bPustaka pelajar$c1999. =300 ##$$a Xi,267 Hlm$c18 cm. =850 ##$$a NBPNMAT =990 ##$$a 0001/BPAP-NTB/20142014